Imperfections in crystalline solids (Record no. 1211379)

MARC details
000 -LEADER
fixed length control field 01044nam a2200313Ia 4500
003 - CONTROL NUMBER IDENTIFIER
control field OSt
005 - DATE AND TIME OF LATEST TRANSACTION
control field 20221007123113.0
008 - FIXED-LENGTH DATA ELEMENTS--GENERAL INFORMATION
fixed length control field 221006b |||||||| |||| 00| 0 eng d
020 ## - INTERNATIONAL STANDARD BOOK NUMBER
International Standard Book Number 9781107123137 (hbk)
037 ## - SOURCE OF ACQUISITION
Terms of availability Textual
040 ## - CATALOGING SOURCE
Original cataloging agency PAPL
Transcribing agency PAPL
Language of cataloging eng
041 ## - LANGUAGE CODE
Source of code eng
Language code of text/sound track or separate title eng
100 ## - MAIN ENTRY--PERSONAL NAME
Personal name Cai Wei
9 (RLIN) 470992
245 #0 - TITLE STATEMENT
Title Imperfections in crystalline solids
Remainder of title Nix William D
260 ## - PUBLICATION, DISTRIBUTION, ETC.
Place of publication, distribution, etc. Cambridge
Name of publisher, distributor, etc. Cambridge University Press
Date of publication, distribution, etc. 2016
300 ## - PHYSICAL DESCRIPTION
Extent x, 519p. ill.
Dimensions cm.
500 ## - GENERAL NOTE
General note Appendices 488-506p.; Bibliography 507-514p.; Index 515-519p.
650 ## - SUBJECT ADDED ENTRY--TOPICAL TERM
Topical term or geographic name entry element Dislocations
9 (RLIN) 716457
650 ## - SUBJECT ADDED ENTRY--TOPICAL TERM
Topical term or geographic name entry element Grain boundaries
9 (RLIN) 716458
650 ## - SUBJECT ADDED ENTRY--TOPICAL TERM
Topical term or geographic name entry element Point defects
9 (RLIN) 716459
650 ## - SUBJECT ADDED ENTRY--TOPICAL TERM
Topical term or geographic name entry element Physics
700 ## - ADDED ENTRY--PERSONAL NAME
Personal name Nix William D
9 (RLIN) 716460
942 ## - ADDED ENTRY ELEMENTS (KOHA)
Classification part C216, Q6 Carpa
Koha item type Textual
Source of classification or shelving scheme Colon Classification (CC)
Holdings
Withdrawn status Lost status Source of classification or shelving scheme Damaged status Not for loan Home library Current library Date acquired Source of acquisition Total Checkouts Full call number Barcode Date last seen Price effective from Koha item type
    Colon Classification (CC)     Department of Physics and Astrophysics Library Department of Physics and Astrophysics Library 2022-10-07 5328, 06/02/2019, Ashutosh Technical Books   C216 Q6 Carpa PA0007489 2022-10-07 2022-10-07 Textual
Copyright @ Delhi University Library System